[Event "New Delhi Parsvnath op-C 17th"]
[Site "New Delhi"]
[Date "2019.01.14"]
[Round "4.7"]
[White "Manab, Bhattacharjee"]
[Black "Parth, Bhatnagar"]
[Result "1-0"]
[WhiteElo "1373"]
[BlackElo "1486"]
[PlyCount "101"]
[EventDate "2019.01.13"]
[EventType "swiss"]
[EventRounds "10"]
[EventCountry "IND"]
[SourceTitle "EXT 2024"]
[Source "ChessBase"]
[SourceDate "2023.10.10"]
[SourceVersion "1"]
[SourceVersionDate "2023.10.10"]
[SourceQuality "1"]

1. e4 d6 2. d4 Nf6 3. Nc3 g6 4. Nf3 Bg7 5. Bc4 0-0 6. Bg5 h6 7. Bxf6 Bxf6 8. Qd2 Bg7 9. 0-0-0 c6 10. Nh4 b5 11. Nxb5 cxb5 12. Bd5 e6 13. Bxa8 Qxh4 14. f4 Qe7 15. Rhf1 a6 16. f5 Bf6 17. Kb1 Bg5 18. Qf2 exf5 19. exf5 Bxf5 20. Bd5 Rc8 21. Bb3 h5 22. Rde1 Qd7 23. h3 Rc7 24. Qe2 Nc6 25. g4 hxg4 26. hxg4 Bh4 27. gxf5 Bxe1 28. fxg6 d5 29. Rxf7 Qd8 30. Rxc7 Qxc7 31. Bxd5+ Kg7 32. Qxe1 Nxd4 33. c3 Nf5 34. Qe6 Nh6 35. Qxa6 Qd7 36. Qb7 Qxb7 37. Bxb7 Kxg6 38. Bc6 b4 39. cxb4 Kf6 40. b5 Ke6 41. b6 Kd6 42. Be4 Ng4 43. Kc2 Ne5 44. Kc3 Nd7 45. b7 Kc7 46. Kb4 Nf6 47. Bf3 Ne8 48. a4 Nd6 49. Kc5 Nxb7+ 50. Bxb7 Kxb7 51. Kb5 1-0